| 000 | 01397cam a2200301 a 4500 | ||
|---|---|---|---|
| 001 | 12490412 | ||
| 003 | CSDEKL | ||
| 005 | 20220326193246.0 | ||
| 008 | 010801s2000 cr a 000 0 spa | ||
| 010 | _a 2001423042 | ||
| 020 | _a9977237182 | ||
| 040 |
_aDLC _cDLC _dDLC |
||
| 043 | _anccr--- | ||
| 050 | 0 | 0 |
_aGR118.C6 _bL49 2000 |
| 082 | 0 | 0 |
_a398.209.728.6 _2L697I |
| 100 |
_aChase, Alfonso _9190 |
||
| 245 | 0 | 0 |
_aLibro de las maravillas : _bantología de romances y tradiciones costarricenses de Alfonso Chase / _cAlfonso Chase ; ilustraciones de Juan Manuel Sánchez. |
| 260 |
_a[San José?] : _bEditorial Costa Rica, _c[2000] |
||
| 300 |
_a384 p. : _bill. ; _c27 cm. |
||
| 505 |
_tDeconstruyendo y construyendo la cultura popular en su expresión literaria _tRomances Tradicionales _tRondas y Juegos _tDichos Infantiles _tCanciones de Cuna Arrullos _tAdivinanzas _tVillancicos para el niño Dios _tCoplas y Coplillas _tDichos y Ocurrencias _tOraciones y Milagros de Caminante _tSomos lo que Comemos _tContenido |
||
| 600 |
_xFolclor- Costa Rica _xRomance _zCosta Rica _9191 |
||
| 610 |
_zCosta Rica _9192 |
||
| 650 | 0 |
_aFolk literature, Costa Rican. _9193 |
|
| 650 | 0 |
_aCooking, Costa Rican. _9194 |
|
| 700 | 1 |
_aChase, Alfonso, _d1945- _9195 |
|
| 906 |
_a7 _bcbc _corignew _d2 _encip _f20 _gy-gencatlg |
||
| 999 |
_c29 _d29 |
||